| 000 | 00859nam a22002537a 4500 | ||
|---|---|---|---|
| 999 |
_c15233 _d15233 |
||
| 003 | AR-CdUCM | ||
| 008 | 190426b ||||| |||| 00| 0 spa d | ||
| 020 | _a978-607-618-237-6 | ||
| 040 |
_aMUNICIPALIDAD PROVINCIAL DEL CUSCO _cBIBLIOTECA MUNICIPAL DEL CUSCO |
||
| 041 | _heng | ||
| 082 |
_aPI / 376.1 / _bF49 |
||
| 110 |
_aAdvanced Marketing _933636 |
||
| 245 |
_aLas figuras : _bCírculos, cuadrados, triángulos, rectángulos / |
||
| 260 |
_aMéxico : _bSilver Dolphin, _c2014. |
||
| 300 |
_bilustraciones, _c25 cm. |
||
| 500 | _aTexto conformado 4 en 1. | ||
| 650 |
_aAprendizaje infantil _933271 |
||
| 650 |
_aPrimera infancia _924660 |
||
| 650 |
_aDesarrollo _92021 |
||
| 700 |
_aCaballero del Moral, Samantha (traducción) _932774 |
||
| 710 |
_aAdvanced Marketing S. de R.L. de C.V. _934261 |
||
| 942 |
_2ddc _cLIBROS |
||
| 945 |
_aachl _d2019-04-26 |
||